[Event "R"]
[Site "http://www.queenalice.com/game.php?id=771744"]
[Date "2010.5.7"]
[Round "-"]
[White "RN"]
[Black "digger"]
[Result "1-0"]
[WhiteElo "1745"]
[BlackElo "1657"]

1. Nf3 d5 2. d4 e6 3. e3 Nf6 4. c4 c6 5. c5 Ne4 6. Bd3 f5 7. Qc2 b5 8. b4 a5 9.
bxa5 Qxa5+ 10. Bd2 b4 11. Ne5 b3 12. Qxb3 Nxd2 13. Nxd2 g6 14. Qc2 Bg7 15. O-O
Bxe5 16. dxe5 Nd7 17. Nb3 Qb4 18. Rfb1 O-O 19. Nd4 Qxc5 20. Nxe6 Qxc2 21. Bxc2
Re8 22. Nc7 Ba6 23. Nxe8 Rxe8 24. f4 Rf8 25. Ba4 Rc8 26. e6 Nc5 27. Rb6 Bb7 28.
Bb3 Nxe6 29. Rxb7 Nc5 30. Re7 Ra8 31. Rc1 Nxb3 32. axb3 Rc8 33. Ra1 h6 34. Raa7
c5 35. Rac7 Rb8 36. Rxc5 Kf8 37. Rd7 Ke8 38. Rh7 Rd8 39. Rxh6 Ke7 40. Rxg6 Kf7
41. Ra6 Rd7 42. b4 d4 43. Rxf5+ Ke8 44. Re5+ Kf8 45. exd4 Rxd4 46. Rf5+ Kg7 47.
b5 Rd1+ 48. Kf2 Rd2+ 49. Kf3 Rd3+ 50. Ke4 Rd8 51. h4 Re8+ 52. Re5 Rf8 53. f5 Kf7
54. b6 Rb8 55. h5 Kg7 56. Re6 Kf8 57. Ra7 Kg8 58. f6 Kf8 59. h6 Rc8 60. Ree7 Rb8
61. h7 Rxb6 62. h8=Q# 1-0

[Event "R"]
[Site "http://www.queenalice.com/game.php?id=771745"]
[Date "2010.5.6"]
[Round "-"]
[White "RN"]
[Black "Tal0n"]
[Result "1-0"]
[WhiteElo "1729"]
[BlackElo "1555"]

1. Nf3 d5 2. d4 Nf6 3. e3 e6 4. c4 Bb4+ 5. Bd2 Bxd2+ 6. Nbxd2 Nc6 7. c5 b6 8. b4
a5 9. Qa4 Bd7 10. Bb5 axb4 11. Qc2 Ra5 12. Bxc6 Bxc6 13. O-O O-O 14. a4 bxa3 15.
Qb3 Bb5 16. Rfc1 Qa8 17. cxb6 cxb6 18. Nb1 Bc4 19. Qxb6 a2 20. Nbd2 Rb8 21. Qc7
Rab5 22. Ne5 R8b7 23. Qc6 Ne4 24. Nexc4 Nc3 25. Nd6 Rb1 26. Nxb1 Nxb1 27. Qxb7
Qxb7 28. Nxb7 h6 29. Rxa2 g5 30. Rxb1 1-0

[Event "R"]
[Site "http://www.queenalice.com/game.php?id=771746"]
[Date "2010.5.6"]
[Round "-"]
[White "RN"]
[Black "Tal0n"]
[Result "1-0"]
[WhiteElo "1719"]
[BlackElo "1565"]

1. Nf3 d5 2. d4 Nf6 3. e3 e6 4. c4 Ne4 5. c5 b6 6. cxb6 axb6 7. Qc2 Bb4+ 8. Bd2
c5 9. Bd3 Ba6 10. Bxe4 Bxd2+ 11. Nbxd2 dxe4 12. Nxe4 f5 13. Nc3 g5 14. Qa4+ Nd7
15. Qc6 O-O 16. Qxe6+ Kh8 17. Ne5 Qc7 18. Nxd7 Bc8 19. Qe5+ Kg8 20. Qxc7 Bxd7
21. Qxd7 f4 22. O-O fxe3 23. fxe3 Rad8 24. Qe6+ Kg7 25. Qxb6 cxd4 26. Rxf8 Rxf8
27. Qxd4+ Rf6 28. Ne4 1-0

[Event "R"]
[Site "http://www.queenalice.com/game.php?id=771747"]
[Date "2010.5.6"]
[Round "-"]
[White "RN"]
[Black "alexchess"]
[Result "1-0"]
[WhiteElo "1795"]
[BlackElo "1645"]

1. Nf3 c5 2. e4 Nc6 3. c3 Nf6 4. e5 Nd5 5. c4 Ndb4 6. a3 Na6 7. Nc3 e6 8. Nb5
Be7 9. d4 cxd4 10. Nfxd4 Nxe5 11. Bf4 Bf6 12. Nd6+ Ke7 13. c5 Nxc5 14. b4 Na6
15. Bxa6 bxa6 16. Ne4 Qb6 17. Be3 Qb7 18. f3 d5 19. Nc5 1-0

[Event "R"]
[Site "http://www.queenalice.com/game.php?id=771748"]
[Date "2010.5.7"]
[Round "-"]
[White "RN"]
[Black "Jefe"]
[Result "1-0"]
[WhiteElo "1782"]
[BlackElo "1706"]

1. Nf3 e6 2. e4 d6 3. d4 Bd7 4. d5 e5 5. c4 Be7 6. Be2 Nf6 7. Nc3 O-O 8. O-O Na6
9. Be3 Bg4 10. h3 Bd7 11. a4 Nb4 12. a5 a6 13. Qb3 c5 14. dxc6 Nxc6 15. Qxb7
Nxa5 16. Qb4 Nc6 17. Qb3 Na5 18. Qc2 Rb8 19. Nd5 Be6 20. Bg5 Nh5 21. Bxe7 Qd7
22. Bxf8 Rxf8 23. Rxa5 Qd8 24. Rfa1 f6 25. Rxa6 Qd7 26. g4 Nf4 27. Bf1 Bf7 28.
Ra8 Be8 29. b4 h6 30. Nb6 Qe6 31. c5 Kh7 32. c6 h5 33. c7 Bg6 34. Rxf8 hxg4 35.
c8=Q Qxc8 36. Qxc8 Bxe4 37. Rh8+ Kg6 38. Qxg4+ Kf7 39. Ra7+ Bb7 40. Rxb7# 1-0

[Event "R"]
[Site "http://www.queenalice.com/game.php?id=771749"]
[Date "2010.5.6"]
[Round "-"]
[White "RN"]
[Black "Fittipaldi"]
[Result "0-1"]
[WhiteElo "1738"]
[BlackElo "1696"]

1. Nf3 b5 2. e4 Bb7 3. d4 a6 4. d5 Nf6 5. Bd3 c5 6. dxc6 Nxc6 7. O-O e5 8. a3
Bc5 9. c3 O-O 10. b4 Ba7 11. Bb2 d6 12. Re1 Qb6 13. Re2 Ne7 14. h3 Ng6 15. g3
Nh5 16. Nbd2 Nxg3 17. Re3 Nf4 18. Bf1 f5 19. Qb3+ Kh8 20. Ng5 d5 21. exd5 Bxd5
22. c4 Nxf1 23. Rxf1 bxc4 24. Nxc4 Qg6 25. Kh2 Qxg5 26. Rg3 Qh4 27. Bxe5 Ng6 28.
Qb2 Nxe5 29. Qxe5 Qd4 30. Qxd4 Bxd4 31. Rd3 Bxc4 32. Rxd4 Bxf1 0-1

[Event "R"]
[Site "http://www.queenalice.com/game.php?id=771750"]
[Date "2010.5.6"]
[Round "-"]
[White "RN"]
[Black "spawnwolfwolverine"]
[Result "1-0"]
[WhiteElo "1755"]
[BlackElo "1778"]

1. Nf3 d6 2. e4 e5 3. d4 exd4 4. Qxd4 Bd7 5. e5 dxe5 6. Qxe5+ Ne7 7. Bf4 Na6 8.
Bxa6 bxa6 9. Nc3 f6 10. Qa5 Qc8 11. O-O c6 12. Rfe1 g5 13. Bd6 Be6 14. Nd4 Kf7
15. Nxe6 Qxe6 16. Rxe6 Kxe6 17. Bg3 h5 18. Re1+ Kf7 19. Qxa6 Bg7 20. Bd6 Nd5 21.
Qxc6 Nxc3 22. Qxc3 Kg6 23. Qd3+ Kh6 24. Re6 Rad8 25. b4 h4 26. h3 Rhe8 27. Rxe8
Rxe8 28. b5 Rd8 29. c4 Bf8 30. Bxf8+ Rxf8 31. Qd6 Rf7 32. c5 Kh5 33. c6 g4 34.
hxg4+ Kxg4 35. c7 Rxc7 36. Qxc7 f5 37. Qxa7 f4 38. f3+ Kg5 39. Qc5+ Kg6 40. Kh2
h3 41. Qe5 Kh6 42. Qf5 hxg2 43. Kxg2 Kg7 44. b6 Kh6 45. b7 Kg7 46. Kh3 Kh6 47.
b8=Q Kg7 48. Qbf8# 1-0

[Event "Let's Play Chess!"]
[Site "http://www.queenalice.com/game.php?id=779935"]
[Date "2010.5.26"]
[Round "-"]
[White "RN"]
[Black "ArmandoAzevedo"]
[Result "0-1"]
[WhiteElo "1757"]
[BlackElo "2663"]

1. Nf3 Nf6 2. Nc3 d5 3. d4 Bf5 4. Bg5 Ne4 5. Nxe4 dxe4 6. Nh4 Be6 7. e3 Qd5 8.
Bf4 g5 9. Be5 Qa5+ 10. c3 f6 11. b4 Qa3 0-1

[Event "¡Juguemos ajedrez!"]
[Site "http://www.queenalice.com/game.php?id=781075"]
[Date "2010.5.26"]
[Round "-"]
[White "RN"]
[Black "Piazzolero"]
[Result "0-1"]
[WhiteElo "1801"]
[BlackElo "1459"]

1. Nf3 d5 2. d4 e6 3. e3 Bb4+ 4. c3 Ba5 5. b4 Bb6 6. c4 Na6 7. c5 Nxb4 8. Qa4+
c6 9. Bd2 Na6 10. Bxa6 Bc7 11. Bd3 Bd7 12. O-O b5 13. cxb6 axb6 14. Qc2 Nf6 15.
Ne5 O-O 16. Nxc6 Bxc6 17. Qxc6 Qd6 18. Rc1 Rfc8 19. Qxd6 Bxd6 20. a4 Ng4 21. g3
f6 22. h3 Nh6 23. g4 e5 24. Nc3 g6 25. Nxd5 f5 0-1

[Event "R"]
[Site "http://www.queenalice.com/game.php?id=784458"]
[Date "2010.6.2"]
[Round "-"]
[White "RN"]
[Black "Reddaz"]
[Result "1-0"]
[WhiteElo "1778"]
[BlackElo "1672"]

1. Nf3 d5 2. d4 e6 3. e3 Nf6 4. c4 dxc4 5. Bxc4 Be7 6. O-O Nbd7 7. d5 exd5 8.
Bxd5 Nxd5 9. Qxd5 O-O 10. Nc3 c6 11. Qc4 Nb6 12. Qe2 Be6 13. Rd1 Qc7 14. e4 Rad8
15. Be3 Bd6 16. Rd2 Bg4 17. Rad1 Nc4 18. Qxc4 Bxf3 19. gxf3 1-0

[Event "R"]
[Site "http://www.queenalice.com/game.php?id=784459"]
[Date "2010.6.3"]
[Round "-"]
[White "RN"]
[Black "Attia"]
[Result "1-0"]
[WhiteElo "1854"]
[BlackElo "1605"]

1. Nf3 Nc6 2. e4 e5 3. c4 Bc5 4. a3 Nf6 5. b4 Bd4 6. Nxd4 Nxd4 7. Bb2 Nxe4 8.
Bxd4 exd4 9. Qe2 Qe7 10. f3 d3 11. Qxe4 Qxe4+ 12. fxe4 O-O 13. c5 d6 14. cxd6
cxd6 15. Bxd3 Re8 16. O-O b6 17. Nc3 Bb7 18. Rae1 h6 19. Bc4 Re7 20. Rf5 Rc8 21.
d3 Rd8 22. Nd5 Bxd5 23. Bxd5 Rc8 24. d4 b5 25. Ref1 Rf8 26. g4 g6 27. Rf6 g5 28.
Rxh6 Kg7 29. Rxd6 Rc8 30. Rdf6 Rc3 31. Rxf7+ Rxf7 32. Rxf7+ Kh8 33. Rxa7 1-0

[Event "R"]
[Site "http://www.queenalice.com/game.php?id=784461"]
[Date "2010.6.4"]
[Round "-"]
[White "RN"]
[Black "rafael_100000"]
[Result "0-1"]
[WhiteElo "1829"]
[BlackElo "1626"]

1. Nf3 Nc6 2. e4 e5 3. d4 d5 4. Bb5 dxe4 5. Bxc6+ bxc6 6. Nxe5 Qd5 7. O-O f6 8.
c4 Qd6 9. c5 Qd5 10. Nc3 Qe6 11. Qh5+ Ke7 12. Ng6+ hxg6 13. Qxh8 Nh6 14. Bxh6
gxh6 15. Rfe1 f5 16. f3 Qf7 17. fxe4 Bg7 18. exf5+ Kd7 19. Qh7 Bxd4+ 20. Kh1
Qxh7 21. Rad1 Qg7 22. Re4 Kd8 23. Rdxd4+ Bd7 24. fxg6 Qf6 25. Rf4 Qe7 26. Rd1
Rb8 27. Rf7 Qxc5 28. g7 Kc8 29. Rf8+ Kb7 30. Rxb8+ Kxb8 31. g8=Q+ Bc8 32. Rd8
Qf5 33. Rf8 Qd7 34. h3 c5 35. Na4 Qd1+ 36. Kh2 Qd6+ 37. g3 Qd2+ 38. Kg1 Qd1+ 39.
Kf2 Qd2+ 40. Kf3 Qd3+ 41. Kf4 Qd4+ 42. Kf3 Qd1+ 43. Ke4 Qe2+ 44. Kd5 c6+ 45.
Kxc6 Qa6+ 46. Kxc5 Qa5+ 47. Kc4 Qxa4+ 48. b4 Qxa2+ 49. Kb5 Qa6+ 50. Kc5 Qb6+ 51.
Kc4 Qa6+ 52. Kd5 Qb7+ 53. Ke5 Qe7+ 54. Kd4 Qxb4+ 55. Kd3 Qd6+ 56. Ke4 Qe7+ 57.
Kf3 Qa3+ 58. Kg2 Qb2+ 59. Rf2 Qb7+ 60. Kh2 Qb6 61. Qf8 a5 62. Ra2 a4 63. Qf4+
Ka7 64. Rxa4+ Ba6 65. Qd4 Kb7 66. Rb4 Bb5 67. h4 Qc6 68. Qb2 Kb6 69. h5 Qc5 70.
Qf6+ Ka5 71. Rf4 Qxh5+ 72. Rh4 Qe2+ 73. Kh3 Bd7+ 0-1

[Event "R"]
[Site "http://www.queenalice.com/game.php?id=784462"]
[Date "2010.6.4"]
[Round "-"]
[White "RN"]
[Black "Hagi"]
[Result "1-0"]
[WhiteElo "1826"]
[BlackElo "1670"]

1. Nf3 d5 2. d4 Nf6 3. e3 e6 4. c4 c6 5. c5 b6 6. b4 bxc5 7. bxc5 Be7 8. Ne5 O-O
9. Bd3 Ba6 10. Bxa6 Nxa6 11. Nxc6 Qc7 12. Qa4 Nb8 13. Ne5 a5 14. O-O Na6 15. Nd2
Rab8 16. Ba3 Rfe8 17. Rab1 Rxb1 18. Rxb1 Rb8 19. Rb3 Rxb3 20. axb3 Ne4 21. Qe8+
Bf8 22. Nd7 Nf6 23. Qxf8# 1-0

[Event "R"]
[Site "http://www.queenalice.com/game.php?id=784463"]
[Date "2010.6.2"]
[Round "-"]
[White "RN"]
[Black "Panzer85"]
[Result "1-0"]
[WhiteElo "1836"]
[BlackElo "1682"]

1. Nf3 d6 2. e4 e5 3. d4 exd4 4. Qxd4 Bd7 5. c4 Nc6 6. Qc3 Nf6 7. Bg5 Be7 8. e5
Ne4 9. Qe3 Nxg5 10. Be2 Nxe5 11. Nxe5 dxe5 12. Qxe5 O-O 13. O-O Re8 14. Qf4 Bd6
15. Qd2 c5 16. Nc3 Qc8 17. Qxd6 Re6 18. Qf4 h6 19. Rad1 Qc6 20. h4 Ne4 21. Bf3
Rae8 22. Rfe1 f5 23. g4 Qa6 24. Bxe4 fxe4 25. Rxd7 Qxc4 26. Qf7+ Kh7 27. Qxg7#
1-0

[Event "Challenge"]
[Site "http://www.queenalice.com/game.php?id=786331"]
[Date "2010.6.6"]
[Round "-"]
[White "edemarc"]
[Black "RN"]
[Result "0-1"]
[WhiteElo "1244"]
[BlackElo "1852"]

1. e4 e5 2. Nf3 Nf6 3. d3 d6 4. h3 d5 5. Nbd2 dxe4 6. Nxe5 Qe7 7. f4 exf3 8. d4
f2+ 9. Kxf2 Qd6 10. c3 Bf5 11. Nec4 Qd5 12. Ne3 Qd7 13. g4 Ne4+ 14. Nxe4 Bxe4
15. Rg1 Bc5 16. g5 Bb6 17. h4 O-O 18. Rg4 Re8 19. Bd3 f5 20. Rf4 g6 21. Nc4
Bxd4+ 22. Ke1 Bxd3+ 23. Kd2 Bc5 24. Rd4 Bxd4 25. a4 Bxc4 26. Kc2 Qe6 27. Qxd4
Bb3+ 28. Kb1 Qe2 29. Qd2 Qe4+ 30. Qc2 Qxc2# 0-1

[Event "Challenge"]
[Site "http://www.queenalice.com/game.php?id=787220"]
[Date "2010.6.8"]
[Round "-"]
[White "Hagi"]
[Black "RN"]
[Result "0-1"]
[WhiteElo "1593"]
[BlackElo "1846"]

1. e4 e5 2. Nf3 Nf6 3. d4 exd4 4. e5 Ne4 5. Qxd4 d5 6. a3 c5 7. Qe3 Bf5 8. Nbd2
d4 9. Qf4 Nxd2 10. Bxd2 Bxc2 11. Ng5 Bb3 12. Rc1 Be7 13. Bc4 Bxc4 14. Rxc4 O-O
15. Qe4 Bxg5 16. Bxg5 Qxg5 17. Qxb7 Qxe5+ 18. Kf1 Nc6 19. Qxc6 Rfe8 20. Rc1 Qe2+
21. Kg1 Qe1+ 22. Rxe1 Rxe1# 0-1

[Event "Challenge"]
[Site "http://www.queenalice.com/game.php?id=790833"]
[Date "2010.6.16"]
[Round "-"]
[White "RN"]
[Black "sivic79"]
[Result "0-1"]
[WhiteElo "1810"]
[BlackElo "1976"]

1. Nf3 e6 2. e4 Nf6 3. e5 Nd5 4. c4 Ne7 5. d4 b6 6. d5 Ng6 7. Qd4 Bc5 8. Qe4 Bb7
9. Nc3 O-O 10. Bd3 Re8 11. O-O Na6 12. a3 exd5 13. cxd5 Bf8 14. b4 d6 15. Bg5
Qc8 16. Bf4 dxe5 17. Nxe5 Bd6 18. Rfc1 Bxe5 19. Bxe5 Rxe5 20. Qd4 Rg5 21. Qe3
Re5 22. Qg3 Qe8 23. Bb5 Qe7 24. f4 Re3 25. Qf2 Rd8 26. g3 h5 27. Re1 Rxe1+ 28.
Rxe1 Qf6 29. Ne4 Qf5 30. Nc3 Nb8 31. Bc4 Nd7 32. Rd1 Nf6 33. Bd3 Qg4 34. Be2 Qc8
35. Bc4 Re8 36. Re1 Ng4 37. Qd2 Rxe1+ 38. Qxe1 Qf5 39. Qe8+ Kh7 40. Qe2 Qf6 41.
Qd2 Qe7 42. Bd3 Qe3+ 43. Qxe3 Nxe3 44. Be4 f5 45. d6 cxd6 46. Bxb7 Ne7 47. Nb5
d5 48. Nxa7 d4 49. Kf2 N7d5 50. Bxd5 Nxd5 51. Ke2 Kg6 52. Kd3 Kf6 53. Kxd4 Nc7
54. Nc8 Nb5+ 55. Kd5 Nxa3 56. Nxb6 g5 57. Kc5 gxf4 58. gxf4 Ke6 0-1

[Event "Challenge"]
[Site "http://www.queenalice.com/game.php?id=795133"]
[Date "2010.6.26"]
[Round "-"]
[White "bienopia"]
[Black "RN"]
[Result "1-0"]
[WhiteElo "1815"]
[BlackElo "1771"]

1. d4 d5 2. f4 e6 3. a3 c5 4. c3 Nf6 5. e3 Ne4 6. Bd3 Qh4+ 7. g3 Nxg3 8. Nf3 Qh5
9. Rg1 Ne4 10. Nbd2 f5 11. Qe2 c4 12. Bc2 g6 13. Nf1 Be7 14. Bd2 Bh4+ 15. Nxh4
Qxh4+ 16. Ng3 Nc6 17. O-O-O Bd7 18. Bxe4 fxe4 19. Be1 Qh6 20. Qf1 O-O-O 21. h3
Rhf8 22. Kb1 a5 23. Ne2 e5 24. Rh1 exf4 25. Nxf4 g5 26. Bg3 gxf4 27. Bxf4 Qh4
28. Rd2 Rf7 29. Rf2 Rdf8 30. Rhh2 b5 31. Rh1 Be6 32. Qg2 Ne7 33. Rhf1 Bxh3 34.
Qh2 Ng6 35. Bg3 Rxf2 36. Bxf2 Qg4 37. Rg1 Qe2 38. Qxh3+ Kd8 39. Bh4+ Nxh4 40.
Qxh4+ Ke8 41. Qxh7 Rf1+ 42. Rxf1 Qxf1+ 43. Ka2 Qf7 44. Qh6 Qd7 45. Qg6+ Ke7 46.
Qg7+ Kd6 47. Qf8+ Ke6 48. Qh6+ Ke7 49. Qg5+ Kd6 50. Qe5+ Kc6 51. Qb8 1-0

[Event "Challenge"]
[Site "http://www.queenalice.com/game.php?id=795139"]
[Date "2010.6.26"]
[Round "-"]
[White "RN"]
[Black "bienopia"]
[Result "1-0"]
[WhiteElo "1792"]
[BlackElo "1846"]

1. e4 a6 2. c4 c6 3. d4 d5 4. e5 Bf5 5. g4 Bg6 6. f4 e6 7. c5 Qh4+ 8. Kd2 Be4 9.
Nf3 Qxg4 10. Be2 Qxf4+ 11. Kc3 Qf5 12. Nbd2 Nd7 13. Rf1 a5 14. Nxe4 Qxe4 15. Ng5
Qh4 16. Nxf7 Bxc5 17. dxc5 Qb4+ 18. Kc2 Nxc5 19. Rf4 Qb6 20. Be3 Ne7 21. Nxh8
Nf5 22. Qg1 d4 23. Bxd4 Qb4 24. Bh5+ Kd7 25. Rxf5 Qc4+ 26. Kb1 Qd3+ 27. Kc1 Qc4+
28. Bc3 Nd3+ 29. Kc2 Nb4+ 30. Kc1 Nd3+ 31. Kd2 Rd8 32. Qxg7+ Kc8 33. Rf8 Nc5+
34. Rxd8+ Kxd8 35. Bxa5+ 1-0

[Event "Let's Play Chess!"]
[Site "http://www.queenalice.com/game.php?id=799229"]
[Date "2010.7.6"]
[Round "-"]
[White "Taimanovbr"]
[Black "RN"]
[Result "1-0"]
[WhiteElo "1428"]
[BlackElo "1810"]

1. Nf3 Nf6 2. d4 d5 3. c4 dxc4 4. e3 e5 5. Nxe5 Ne4 6. Bxc4 Nd6 7. Bd3 f6 8. Nc4
Be7 9. O-O O-O 10. Nbd2 b6 11. a3 Be6 12. Nxd6 Bxd6 13. b4 c5 14. bxc5 bxc5 15.
Ne4 cxd4 16. Nxd6 Qxd6 17. exd4 Rd8 18. Be3 Nc6 19. Be4 Bd5 20. Bxd5+ Qxd5 21.
Qd2 Nxd4 22. Qxd4 Qb3 23. Qb4 Qd3 24. h3 Rab8 25. Qf4 Rb3 26. Bxa7 Rxa3 27. Rxa3
Qxa3 28. Be3 Qd3 29. Rc1 h6 30. Qc4+ Qxc4 31. Rxc4 1-0

[Event "Let's Play Chess!"]
[Site "http://www.queenalice.com/game.php?id=799397"]
[Date "2010.7.6"]
[Round "-"]
[White "RN"]
[Black "Scharlatan"]
[Result "1-0"]
[WhiteElo "1790"]
[BlackElo "1100"]

1. Nf3 d5 2. d4 Nc6 3. c4 Bg4 4. e3 e6 5. h3 Bh5 6. Be2 Nf6 7. Nc3 dxc4 8. Bxc4
Be7 9. Qb3 Qd7 10. Qxb7 O-O 11. Bb5 Na5 12. Qxa8 Rxa8 13. Bxd7 Nxd7 14. g4 Bg6
15. O-O Nc4 16. b3 Nd6 17. a4 Rb8 18. Nd2 Ne4 19. Ncxe4 c5 20. Ba3 Bf8 21. dxc5
Bxe4 22. Nxe4 Rxb3 23. Rfd1 1-0